2007 Champions League Final AC Milan - Liverpool - Statistics

General Stats
  • This quiz has been taken 948 times
  • The average score is 16 of 30
Answer Stats
Player % Correct
Paolo Maldini
95%
Dida
93%
Steven Gerrard
92%
Alessandro Nesta
90%
Kaká
88%
Andrea Pirlo
87%
Filippo Inzaghi ²
83%
Gennaro Gattuso
82%
Clarence Seedorf
75%
Jamie Carragher
71%
Xabi Alonso
71%
Carlo Ancelotti
69%
Pepe Reina
65%
Dirk Kuyt ¹
63%
Rafael Benítez
62%
John Arne Riise
51%
Massimo Ambrosini
46%
Javier Mascherano
40%
Daniel Agger
38%
Steve Finnan
36%
Marek Jankulovski
35%
Massimo Oddo
33%
Peter Crouch
33%
Harry Kewell
30%
Kakha Kaladze
30%
Alberto Gilardino
23%
Jermaine Pennant
23%
Álvaro Arbeloa
17%
Boudewijn Zenden
14%
Giuseppe Favalli
10%
No matching quizzes found
Score Distribution
Percent of People with Each Score
Percentile by Number Answered
Your Score History
You have not taken this quiz